[Event "Toronto op U2200"]
[Site "Toronto CAN"]
[Date "2019.08.31"]
[Round "1.29"]
[White "Xie, Austin"]
[Black "Ogunlana, Ayo"]
[Result "1-0"]
[WhiteElo "1900"]
[BlackElo "1730"]
[PlyCount "59"]
[EventDate "2019.08.31"]
[EventType "swiss"]
[EventRounds "6"]
[EventCountry "CAN"]

1. e4 c6 2. Nc3 d5 3. Nf3 dxe4 4. Nxe4 Bf5 5. Ng3 Bg6 6. Bc4 e6 7. d4 Bd6 8.
O-O Nf6 9. c3 O-O 10. Bg5 Nbd7 11. Nh4 Qc7 12. Nxg6 hxg6 13. Qc2 Kh7 14. Rae1
Rae8 15. f4 Nb6 16. Bd3 Nbd5 17. Qd2 Kh8 18. Rf3 a5 19. Ne4 Nxe4 20. Bxe4 Nf6
21. Rh3+ Kg8 22. Bxf6 gxf6 23. f5 Bf4 24. Qf2 Kg7 25. fxg6 fxg6 26. Rf1 e5 27.
dxe5 Bxe5 28. Bxg6 Bxh2+ 29. Rxh2 Rh8 30. Qxf6+ 1-0

[Event "Toronto op U2200"]
[Site "Toronto CAN"]
[Date "2019.08.31"]
[Round "1.30"]
[White "Guo, Hazel"]
[Black "Cater, Brendan"]
[Result "1-0"]
[WhiteElo "1710"]
[BlackElo "1885"]
[PlyCount "157"]
[EventDate "2019.08.31"]
[EventType "swiss"]
[EventRounds "6"]
[EventCountry "CAN"]

1. e4 e5 2. Nf3 Nc6 3. d4 exd4 4. Bc4 Bc5 5. Ng5 Ne5 6. Nxf7 Qe7 7. Nxe5 Qxe5
8. O-O Ne7 9. f4 Qd6 10. Kh1 b5 11. Bxb5 Bb7 12. Nd2 O-O 13. Qg4 Nc6 14. Nb3
Rae8 15. Bd3 Bb6 16. Bd2 a5 17. Rae1 Qe6 18. Qh4 Ne7 19. Bxa5 Rf6 20. Bxb6 Qxb6
21. f5 Rh6 22. Qg4 Rf8 23. e5 Kh8 24. f6 gxf6 25. Qf4 f5 26. Nxd4 Rg8 27. Nf3
Rg4 28. Qe3 Qg6 29. Re2 Qh5 30. h3 Nd5 31. Qc5 Nf4 32. Bc4 Qe8 33. e6 dxe6 34.
Qe5+ Kg8 35. Qxf5 Qg6 36. Qxg6+ Rgxg6 37. Ref2 Nh5 38. Kh2 Ng3 39. Re1 Ne4 40.
Rfe2 Ng5 41. Nxg5 Rxg5 42. g4 Rxg4 43. Rg1 Rxg1 44. Kxg1 Kf7 45. Re3 Rg6+ 46.
Kf1 Ke7 47. Ke1 Kd6 48. a4 Bc6 49. a5 e5 50. b4 Rf6 51. a6 Rf8 52. b5 Ba8 53.
Bd3 Rh8 54. Kd2 h6 55. Be4 Bxe4 56. Rxe4 Kd5 57. Kd3 Rb8 58. c4+ Kd6 59. Rg4
Kc5 60. Kc3 c6 61. Rg6 cxb5 62. cxb5 Kxb5 63. Rxh6 Kc5 64. a7 Ra8 65. Ra6 Kd5
66. h4 Kc5 67. h5 Kb5 68. Ra1 Kb6 69. Kd3 e4+ 70. Ke3 Kb7 71. Rb1+ Kc7 72. Ra1
Kb7 73. h6 Kc7 74. Kxe4 Kb7 75. Kf5 Rf8+ 76. Kg6 Ka8 77. h7 Rc8 78. Rf1 Kxa7
79. Kg7 1-0

[Event "Toronto op U2200"]
[Site "Toronto CAN"]
[Date "2019.08.31"]
[Round "2.12"]
[White "Feng, Richard"]
[Black "Yuen, Noah"]
[Result "1-0"]
[WhiteElo "2078"]
[BlackElo "1979"]
[PlyCount "71"]
[EventDate "2019.08.31"]
[EventType "swiss"]
[EventRounds "6"]
[EventCountry "CAN"]

1. e4 c5 2. Nf3 d6 3. d4 cxd4 4. Nxd4 Nf6 5. Nc3 a6 6. Bc4 e6 7. O-O Qc7 8. Bb3
Be7 9. f4 Nc6 10. Be3 Bd7 11. Qf3 Nxd4 12. Bxd4 Bc6 13. Rae1 O-O 14. Qg3 Rad8
15. Kh1 b5 16. e5 dxe5 17. Bxe5 Qb7 18. f5 Rd2 19. Ne2 exf5 20. Rxf5 Ne8 21.
Bc3 Rd7 22. Nf4 b4 23. Bxg7 Nxg7 24. Nh5 Bxg2+ 25. Kg1 Qb6+ 26. Kxg2 Qg6 27.
Qxg6 hxg6 28. Nf6+ Bxf6 29. Rxf6 a5 30. Re5 Ra7 31. Rxg6 a4 32. Bd5 Rd7 33. Rg4
Rfd8 34. Be4 f6 35. Rb5 Kf8 36. Bd3 1-0

[Event "Toronto op U2200"]
[Site "Toronto CAN"]
[Date "2019.08.31"]
[Round "2.13"]
[White "Mao, Fengxi"]
[Black "Mohamed, Ehab"]
[Result "1/2-1/2"]
[WhiteElo "2070"]
[BlackElo "1949"]
[PlyCount "94"]
[EventDate "2019.08.31"]
[EventType "swiss"]
[EventRounds "6"]
[EventCountry "CAN"]

1. e4 e6 2. d4 d5 3. Nd2 Be7 4. exd5 exd5 5. Bd3 Nf6 6. Ngf3 Bg4 7. O-O O-O 8.
c3 c5 9. dxc5 Bxc5 10. Nb3 Bb6 11. h3 Bh5 12. Bf4 Re8 13. Be2 Nc6 14. Nfd4 Bxe2
15. Nxe2 Ne4 16. Ned4 Qf6 17. Be3 Ne5 18. Nc2 Nc4 19. Bxb6 Qxb6 20. Rb1 Rad8
21. Qd3 Qg6 22. Rfe1 Ne5 23. Qd1 Ng5 24. Kh1 Nd3 25. Rf1 Nf4 26. Qg4 Re4 27. f3
h5 28. Qg3 h4 29. Qh2 Re2 30. Qxf4 Rxc2 31. Nd4 Nxh3 32. Qh2 Nf2+ 33. Kg1 Rd2
34. Qxh4 Re8 35. Rbe1 Rxe1 36. Rxe1 f6 37. Re2 Rxe2 38. Nxe2 Nd1 39. Qd4 Qb1
40. Qxd5+ Kh7 41. Kh2 Nxb2 42. Qxb7 Qxa2 43. Qe4+ Kg8 44. Qe8+ Kh7 45. Nf4 Qa5
46. Qg6+ Kg8 47. Qe8+ Kh7 1/2-1/2

[Event "Toronto op U2200"]
[Site "Toronto CAN"]
[Date "2019.08.31"]
[Round "2.14"]
[White "Xu, Eddie"]
[Black "Ahmed, Syed Ibrahim"]
[Result "0-1"]
[WhiteElo "1986"]
[BlackElo "2058"]
[PlyCount "96"]
[EventDate "2019.08.31"]
[EventType "swiss"]
[EventRounds "6"]
[EventCountry "CAN"]

1. e4 e5 2. Nf3 Nc6 3. Bb5 a6 4. Ba4 Nf6 5. O-O Nxe4 6. d4 b5 7. Bb3 d5 8. dxe5
Be6 9. Nbd2 Nc5 10. c3 Be7 11. Qe2 Nxb3 12. Nxb3 O-O 13. Nfd4 Nxd4 14. cxd4 c5
15. Be3 c4 16. Nd2 Bf5 17. Qf3 Qd7 18. h3 Bd3 19. Qg3 Rfc8 20. Rfc1 b4 21. Nf1
Rc6 22. f3 c3 23. bxc3 bxc3 24. a4 Rac8 25. Kh2 Bb4 26. Qe1 Rc4 27. Ng3 c2 28.
Bd2 a5 29. Qe3 Bg6 30. f4 Bc3 31. Ra2 Bxd4 32. Qf3 Be4 33. Qh5 g6 34. Qg5 R4c6
35. Nh5 Qf5 36. Nf6+ Rxf6 37. exf6 Bxf6 38. Qxf5 gxf5 39. Bxa5 d4 40. Ra3 d3
41. Rb3 Ra8 42. Bd2 Rxa4 43. g4 Ra2 44. g5 Bb2 45. Rb8+ Kg7 46. Rxb2 Rxb2 47.
Bc3+ Kg6 48. Ra1 c1=Q+ 0-1

[Event "Toronto op U2200"]
[Site "Toronto CAN"]
[Date "2019.08.31"]
[Round "2.15"]
[White "Demchenko, Kyrylo"]
[Black "Xie, Austin"]
[Result "1-0"]
[WhiteElo "2045"]
[BlackElo "1900"]
[PlyCount "131"]
[EventDate "2019.08.31"]
[EventType "swiss"]
[EventRounds "6"]
[EventCountry "CAN"]

1. e4 e6 2. d4 d5 3. exd5 exd5 4. Bd3 Nf6 5. Nf3 Bd6 6. Qe2+ Qe7 7. Qxe7+ Kxe7
8. O-O Bg4 9. Re1+ Kf8 10. Ne5 Be6 11. Nc3 a6 12. Bf4 Nc6 13. Ne2 Nb4 14. Ng3
Re8 15. a3 Nxd3 16. Nxd3 Bxf4 17. Nxf4 g6 18. Re2 Kg7 19. Rae1 Bd7 20. Re7 c6
21. Nd3 Rxe7 22. Rxe7 Re8 23. Rxe8 Nxe8 24. Nc5 Bc8 25. Nf1 Nd6 26. Ne3 f5 27.
f4 Kf6 28. h4 h6 29. c3 g5 30. hxg5+ hxg5 31. g3 g4 32. Nd1 Nc4 33. Kf2 Ke7 34.
a4 Kf6 35. b3 Nd6 36. a5 Ke7 37. Ke3 Be6 38. Nf2 Bc8 39. Nfd3 Be6 40. Ne5 Kf6
41. Kd3 Ke7 42. Ng6+ Kf6 43. Nh4 Kf7 44. Ng2 Ke7 45. Ne3 Kf6 46. c4 Ke7 47. Kc3
Ne4+ 48. Nxe4 dxe4 49. d5 Bd7 50. Kd4 cxd5 51. Kxd5 Kf6 52. Kd6 Bc6 53. b4 Ba4
54. Nd5+ Kg6 55. Ke5 Bd7 56. Ne3 Kf7 57. b5 axb5 58. cxb5 Bxb5 59. Kxf5 Bd7+
60. Kxe4 Ke7 61. Ke5 Kd8 62. Kd6 Kc8 63. f5 Kd8 64. f6 Ke8 65. f7+ Kxf7 66.
Kxd7 1-0

[Event "Toronto op U2200"]
[Site "Toronto CAN"]
[Date "2019.08.31"]
[Round "2.16"]
[White "Ghaytasvand, Parviz"]
[Black "Huang, Youhe"]
[Result "1/2-1/2"]
[WhiteElo "1921"]
[BlackElo "2043"]
[PlyCount "141"]
[EventDate "2019.08.31"]
[EventType "swiss"]
[EventRounds "6"]
[EventCountry "CAN"]

1. e4 Nf6 2. e5 Nd5 3. d4 d6 4. c4 Nb6 5. exd6 cxd6 6. Be3 g6 7. Nc3 Bg7 8. Nf3
Bg4 9. Be2 O-O 10. b3 Nc6 11. Qd2 Bxf3 12. Bxf3 f5 13. Bxc6 bxc6 14. Bh6 Bxh6
15. Qxh6 d5 16. c5 Nd7 17. Qe3 e5 18. dxe5 Nxe5 19. O-O-O Qf6 20. h3 Rae8 21.
Qd4 Nd7 22. Qxf6 Rxf6 23. Na4 Rfe6 24. Rd2 Kf7 25. Rhd1 Re5 26. Kb2 f4 27. f3
Rg5 28. Rc2 Nf6 29. Rd4 Nh5 30. Rb4 Re7 31. Nc3 Rge5 32. Rd4 g5 33. b4 a6 34.
a4 Ng7 35. b5 Nf5 36. Rb4 a5 37. Rb3 Nd4 38. bxc6 Nxb3 39. Kxb3 Rc7 40. Nb5
Rxc6 41. Nd4 Rc8 42. c6 Ke7 43. Rc5 Kd6 44. Rxa5 Re3+ 45. Kc2 Ke5 46. Nb5 Rxc6+
47. Kd2 Rb3 48. Ra7 Rb2+ 49. Kd1 Rxg2 50. Rxh7 Rf2 51. h4 gxh4 52. Rh5+ Ke6 53.
Nd4+ Kd7 54. Rh7+ Kd6 55. Rh6+ Kc5 56. Nxc6 Rxf3 57. Nd8 Kb4 58. Rxh4 Kxa4 59.
Ne6 d4 60. Nxf4 Kb3 61. Ne2 Rd3+ 62. Ke1 Kc4 63. Rh8 Re3 64. Rc8+ Kd3 65. Ra8
Rxe2+ 66. Kd1 Rd2+ 67. Ke1 Rb2 68. Ra3+ Ke4 69. Rh3 d3 70. Rh8 Re2+ 71. Kd1
1/2-1/2

[Event "Toronto op U2200"]
[Site "Toronto CAN"]
[Date "2019.08.31"]
[Round "2.17"]
[White "Khachaturov, Vadim"]
[Black "Cao, Bruce"]
[Result "1-0"]
[WhiteElo "2041"]
[BlackElo "1767"]
[PlyCount "63"]
[EventDate "2019.08.31"]
[EventType "swiss"]
[EventRounds "6"]
[EventCountry "CAN"]

1. e4 c5 2. Nf3 d6 3. d4 cxd4 4. Nxd4 Nf6 5. Nc3 g6 6. f3 Bg7 7. Be3 O-O 8. Qd2
Nc6 9. O-O-O a6 10. g4 Qc7 11. h4 Nxd4 12. Bxd4 h5 13. Bxf6 Bxf6 14. Nd5 Qd8
15. Nxf6+ exf6 16. gxh5 Kh7 17. Qxd6 Be6 18. hxg6+ fxg6 19. Qxe6 Qa5 20. Rd7+
Kh6 21. Qe7 Qe1+ 22. Rd1 Qe3+ 23. Kb1 Qxf3 24. Bd3 b5 25. h5 gxh5 26. Rdf1 Qg4
27. Rfg1 Rg8 28. Rxg4 Rxg4 29. Be2 Rg5 30. Qxf6+ Kh7 31. Qxg5 Rg8 32. Rxh5# 1-0

[Event "Toronto op U2200"]
[Site "Toronto CAN"]
[Date "2019.08.31"]
[Round "2.18"]
[White "Lim, Levi"]
[Black "Guo, Hazel"]
[Result "1-0"]
[WhiteElo "1951"]
[BlackElo "1710"]
[PlyCount "95"]
[EventDate "2019.08.31"]
[EventType "swiss"]
[EventRounds "6"]
[EventCountry "CAN"]

1. e4 e6 2. d4 d5 3. Nd2 dxe4 4. Nxe4 Bd7 5. Nf3 Bc6 6. Bd3 Nd7 7. O-O Ngf6 8.
Qe2 Be7 9. Re1 O-O 10. Bd2 b6 11. c4 Bb7 12. Rad1 c5 13. Bc3 Qc7 14. b3 Rad8
15. Bc2 Rfe8 16. dxc5 Nxe4 17. Bxe4 Nxc5 18. Be5 Bd6 19. Bxb7 Nxb7 20. Bxd6
Nxd6 21. Qe5 f6 22. Qg3 e5 23. h4 Qc5 24. Qg4 Qa5 25. Re2 b5 26. c5 Nf7 27.
Rxd8 Rxd8 28. Qe6 Qc7 29. b4 Kf8 30. Rd2 Re8 31. Qa6 e4 32. Nh2 Qf4 33. Nf1 e3
34. fxe3 Qxb4 35. c6 Qc5 36. Rd3 Ne5 37. Rb3 b4 38. c7 Qxc7 39. Rxb4 Qc3 40.
Qd6+ Kf7 41. Rb7+ Kg6 42. Rxa7 Qe1 43. Qd4 Kh5 44. Rxg7 h6 45. Rg3 f5 46. Qf4
Qb1 47. Rg5+ hxg5 48. Qxg5# 1-0

[Event "Toronto op U2200"]
[Site "Toronto CAN"]
[Date "2019.08.31"]
[Round "2.19"]
[White "Ajith, Aayush"]
[Black "Nazareno, Merlin"]
[Result "0-1"]
[WhiteElo "1851"]
[BlackElo "2166"]
[PlyCount "91"]
[EventDate "2019.08.31"]
[EventType "swiss"]
[EventRounds "6"]
[EventCountry "CAN"]

1. d4 Nf6 2. Nf3 d5 3. Bf4 c5 4. e3 Nc6 5. c3 Bg4 6. Bd3 e6 7. Nbd2 Bd6 8. h3
Bh5 9. dxc5 Bxc5 10. b4 Bd6 11. Bxd6 Qxd6 12. O-O O-O 13. Be2 Rac8 14. a3 Rfd8
15. Nb3 Ne5 16. Nc5 Rc7 17. Nd4 Bxe2 18. Qxe2 a6 19. Rab1 Qe7 20. Rfc1 Rdc8 21.
Rc2 g6 22. Rbc1 Kg7 23. a4 Nc4 24. a5 Nxa5 25. Nxa6 bxa6 26. bxa5 Rc4 27. Qe1
Qc7 28. Ra1 Ne4 29. Ne2 Nxc3 30. Nxc3 Rxc3 31. Rxc3 Qxc3 32. Qxc3+ Rxc3 33. Kf1
Kf6 34. Ke2 Rc2+ 35. Kf3 Ke5 36. Ra4 Rc4 37. Ra3 h5 38. Ra2 f5 39. Ke2 Kd6 40.
Kd3 h4 41. Ra1 f4 42. Ra2 g5 43. Ra1 e5 44. Ra2 e4+ 45. Ke2 Kc5 46. Kd2 0-1

[Event "Toronto op U2200"]
[Site "Toronto CAN"]
[Date "2019.08.31"]
[Round "2.20"]
[White "Moran-Venegas, Mario"]
[Black "Loadman, Ian"]
[Result "0-1"]
[WhiteElo "1768"]
[BlackElo "2102"]
[PlyCount "56"]
[EventDate "2019.08.31"]
[EventType "swiss"]
[EventRounds "6"]
[EventCountry "CAN"]

1. c4 Nf6 2. g3 g6 3. Bg2 Bg7 4. d4 O-O 5. Nc3 d6 6. e4 Nc6 7. Nge2 e5 8. d5
Nd4 9. Nxd4 exd4 10. Ne2 Re8 11. Qd3 Nd7 12. f3 Nc5 13. Qd1 f5 14. Nxd4 fxe4
15. fxe4 Bg4 16. Qxg4 Bxd4 17. Bg5 Bf6 18. Bc1 Nd3+ 19. Ke2 Ne5 20. Qf4 Nxc4
21. Rf1 Rf8 22. Rb1 Qd7 23. Qh6 Qb5 24. Kd1 Na3 25. Ra1 Bxb2 26. Rxf8+ Rxf8 27.
Bh3 Qd3+ 28. Bd2 Qc2+ 0-1

[Event "Toronto op U2200"]
[Site "Toronto CAN"]
[Date "2019.08.31"]
[Round "2.21"]
[White "Qiao, Cindy"]
[Black "Stewart, Michael"]
[Result "0-1"]
[WhiteElo "1884"]
[BlackElo "2036"]
[PlyCount "94"]
[EventDate "2019.08.31"]
[EventType "swiss"]
[EventRounds "6"]
[EventCountry "CAN"]

1. e4 c6 2. d4 d5 3. Nc3 dxe4 4. Nxe4 Bf5 5. Ng3 Bg6 6. Nf3 e6 7. Bd3 Nf6 8.
Bxg6 hxg6 9. c4 Bb4+ 10. Bd2 Qa5 11. a3 Bxd2+ 12. Qxd2 Qxd2+ 13. Nxd2 Nbd7 14.
Nde4 Nxe4 15. Nxe4 Ke7 16. Nc3 Nf6 17. f3 Rad8 18. Rd1 Rh4 19. Ne2 c5 20. g3
Rh5 21. Nf4 Rf5 22. dxc5 Rxd1+ 23. Kxd1 Rxc5 24. b3 b5 25. cxb5 Rxb5 26. Kc2
Rf5 27. Rd1 g5 28. Nh3 g4 29. fxg4 Nxg4 30. Rd4 Nxh2 31. Ra4 Rc5+ 32. Kd3 Rc7
33. Ke2 f5 34. Ra6 e5 35. Ng5 Ng4 36. Rg6 Rc3 37. Nf3 Re3+ 38. Kd2 Rxf3 39.
Rxg7+ Kf6 40. Rxa7 Rxb3 41. a4 Rxg3 42. a5 Ra3 43. Ra6+ Kg5 44. Ra8 Kf4 45. a6
e4 46. a7 Ra2+ 47. Ke1 Ne5 0-1

[Event "Toronto op U2200"]
[Site "Toronto CAN"]
[Date "2019.08.31"]
[Round "2.22"]
[White "Finlay, Ian"]
[Black "Wu, Benjamin"]
[Result "1-0"]
[WhiteElo "1936"]
[BlackElo "1749"]
[PlyCount "67"]
[EventDate "2019.08.31"]
[EventType "swiss"]
[EventRounds "6"]
[EventCountry "CAN"]

1. e4 c5 2. Nf3 d6 3. d3 Nc6 4. g3 Bg4 5. Nbd2 Nf6 6. Bg2 Qc7 7. c3 O-O-O 8. h3
Bh5 9. Qa4 d5 10. O-O dxe4 11. dxe4 e5 12. Re1 h6 13. Nc4 g5 14. Ne3 g4 15. Nh4
gxh3 16. Bxh3+ Kb8 17. Nef5 Bg6 18. Be3 Qa5 19. Qc4 b5 20. Qe2 Nxe4 21. Bg2 Nd6
22. Nxd6 Rxd6 23. Bxc6 Rxc6 24. Nxg6 fxg6 25. Bxc5 Bg7 26. Bb4 Qb6 27. Qe4 a5
28. Bxa5 Qb7 29. a4 Rhc8 30. Red1 bxa4 31. Rxa4 Qe7 32. Rd5 R8c7 33. Bxc7+ Qxc7
34. Rda5 1-0

[Event "Toronto op U2200"]
[Site "Toronto CAN"]
[Date "2019.08.31"]
[Round "2.23"]
[White "Cater, Brendan"]
[Black "Jeyakumar, Bhavatharshan"]
[Result "0-1"]
[WhiteElo "1885"]
[BlackElo "1778"]
[PlyCount "72"]
[EventDate "2019.08.31"]
[EventType "swiss"]
[EventRounds "6"]
[EventCountry "CAN"]

1. d4 Nf6 2. Nf3 g6 3. e3 Bg7 4. Nbd2 d6 5. b3 Nbd7 6. Bb2 O-O 7. c4 c5 8. Qc2
Qc7 9. Bd3 Nb6 10. O-O Bg4 11. h3 Bxf3 12. Nxf3 Nbd7 13. Rac1 Rac8 14. Rfe1 e5
15. Nd2 Ne8 16. dxe5 dxe5 17. Be4 Nb6 18. a4 f5 19. a5 Nd7 20. Bd5+ Kh8 21. e4
Qxa5 22. Bxb7 Rb8 23. Bd5 f4 24. Ra1 Qb6 25. Bc3 g5 26. Ra4 Nd6 27. Ba5 Nb5 28.
Bxb6 Nd4 29. Qd3 Rxb6 30. Rxa7 Nf6 31. Rea1 g4 32. hxg4 Nxg4 33. Qh3 Ne3 34.
Rxg7 Ne2+ 35. Kh1 h6 36. Qxh6+ Rxh6# 0-1

[Event "Toronto op U2200"]
[Site "Toronto CAN"]
[Date "2019.08.31"]
[Round "2.24"]
[White "Xu, Alex"]
[Black "Robertson, Kole"]
[Result "0-1"]
[WhiteElo "1798"]
[BlackElo "1860"]
[PlyCount "78"]
[EventDate "2019.08.31"]
[EventType "swiss"]
[EventRounds "6"]
[EventCountry "CAN"]

1. e4 e6 2. d4 d5 3. Nd2 Nf6 4. e5 Nfd7 5. Bd3 c5 6. c3 Nc6 7. Ne2 cxd4 8. cxd4
f6 9. exf6 Nxf6 10. O-O Bd6 11. Nf3 Qc7 12. Bg5 O-O 13. Bh4 Nh5 14. Bg3 Nxg3
15. Nxg3 g6 16. Rc1 a6 17. Qc2 Qg7 18. Rfd1 Rxf3 19. gxf3 Nxd4 20. Qc3 Nxf3+
21. Kg2 Nh4+ 22. Kh1 Qf8 23. f4 Bd7 24. Rf1 Qh6 25. Qd4 Rf8 26. Ne2 Bc6 27.
Bxa6 Nf5 28. Qd2 e5 29. Bd3 e4 30. Bb1 Qh3 31. Qc3 Ne3 32. Rf2 Bxf4 33. Rg1
Bxh2 34. Rxh2 Qf3+ 35. Rgg2 Nxg2 36. Rxg2 e3 37. Ng1 Qxg2+ 38. Kxg2 d4+ 39. Kg3
dxc3 0-1

[Event "Toronto op U2200"]
[Site "Toronto CAN"]
[Date "2019.08.31"]
[Round "2.25"]
[White "Samokysh, Yevhen"]
[Black "Zhang, Jonathan"]
[Result "1/2-1/2"]
[WhiteElo "1767"]
[BlackElo "1841"]
[PlyCount "82"]
[EventDate "2019.08.31"]
[EventType "swiss"]
[EventRounds "6"]
[EventCountry "CAN"]

1. Nf3 Nf6 2. c4 e6 3. g3 b6 4. Bg2 Bb7 5. O-O c5 6. Nc3 d5 7. cxd5 exd5 8. d4
Nc6 9. Qa4 Qd7 10. Rd1 c4 11. Ne5 Nxe5 12. dxe5 Qxa4 13. Nxa4 Ne4 14. Be3 Bc6
15. Bxe4 dxe4 16. b3 Bxa4 17. bxa4 Ba3 18. Bc1 Bc5 19. Bb2 a6 20. Bd4 Rc8 21.
Rab1 Ke7 22. Bxc5+ Rxc5 23. Rxb6 c3 24. Rc1 Rd8 25. Kf1 c2 26. Ke1 Rcd5 27. Rd6
R8xd6 28. exd6+ Kxd6 29. Rxc2 Rd4 30. a5 Ra4 31. Kd2 Rxa5 32. Kc3 Rc5+ 33. Kb3
Rxc2 34. Kxc2 Kc5 35. Kc3 a5 36. f3 exf3 37. exf3 g5 38. h4 gxh4 39. gxh4 h5
40. f4 f5 41. a4 Kd5 1/2-1/2

[Event "Toronto op U2200"]
[Site "Toronto CAN"]
[Date "2019.08.31"]
[Round "2.26"]
[White "D'Amore, Tyler"]
[Black "Landstrom, William"]
[Result "1-0"]
[WhiteElo "1831"]
[BlackElo "1758"]
[PlyCount "67"]
[EventDate "2019.08.31"]
[EventType "swiss"]
[EventRounds "6"]
[EventCountry "CAN"]

1. e4 d6 2. d4 Nf6 3. Nc3 e5 4. Nf3 Nbd7 5. Bc4 Be7 6. O-O O-O 7. h3 c6 8. a4
b6 9. Re1 Bb7 10. Bg5 Qc7 11. Nh4 Rfe8 12. dxe5 dxe5 13. Qf3 g6 14. Rad1 Kg7
15. Ne2 Nc5 16. Ng3 Bc8 17. Re3 Rf8 18. Nhf5+ Bxf5 19. Nxf5+ gxf5 20. Qxf5
Nfxe4 21. Bxe7 Qxe7 22. b4 Nd6 23. Qg4+ Kh8 24. bxc5 Nxc4 25. Qxc4 bxc5 26.
Rde1 f6 27. f4 Qg7 28. fxe5 Rg8 29. R1e2 fxe5 30. Rxe5 Rad8 31. Qh4 Rd4 32. Qf2
Rf8 33. Re8 Rdf4 34. Qxf4 1-0

[Event "Toronto op U2200"]
[Site "Toronto CAN"]
[Date "2019.08.31"]
[Round "2.27"]
[White "Itkin, Victor"]
[Black "Nemati, Omid"]
[Result "1-0"]
[WhiteElo "1752"]
[BlackElo "1812"]
[PlyCount "61"]
[EventDate "2019.08.31"]
[EventType "swiss"]
[EventRounds "6"]
[EventCountry "CAN"]

1. e4 e5 2. d4 exd4 3. Qxd4 Nc6 4. Qe3 b6 5. Bd2 Nge7 6. Nc3 Ng6 7. O-O-O Bc5
8. Qg3 d6 9. h4 h5 10. f4 Bxg1 11. Bb5 Nge7 12. Qxg7 Rg8 13. Qxg8+ Nxg8 14.
Bxc6+ Bd7 15. Bxa8 Qxa8 16. Rhxg1 Kd8 17. f5 Bc6 18. e5 d5 19. g4 Ne7 20. Bg5
Kd7 21. Rde1 hxg4 22. e6+ Kd6 23. f6 Nf5 24. Bf4+ Kc5 25. exf7 Qf8 26. Re5 Nxh4
27. Ne4+ Kb4 28. Rxg4 dxe4 29. Re7 Qc8 30. Rxh4 Qf5 31. f8=Q 1-0

[Event "Toronto op U2200"]
[Site "Toronto CAN"]
[Date "2019.08.31"]
[Round "2.28"]
[White "Matiu, Virgiliu Bogdan"]
[Black "Liao, Joseph"]
[Result "1-0"]
[WhiteElo "1805"]
[BlackElo "1732"]
[PlyCount "69"]
[EventDate "2019.08.31"]
[EventType "swiss"]
[EventRounds "6"]
[EventCountry "CAN"]

1. e4 e6 2. d4 d5 3. e5 c5 4. c3 Nc6 5. Be3 Qb6 6. Qd2 f6 7. f4 Nh6 8. Nf3 Ng4
9. Bf2 Bd7 10. Bd3 Nh6 11. h3 Be7 12. O-O c4 13. Be2 f5 14. Kh1 a5 15. a4 Qc7
16. Bh4 Rb8 17. Na3 Bxa3 18. Rxa3 b5 19. axb5 Rxb5 20. Rfa1 Qb7 21. R3a2 O-O
22. Bd1 Rb8 23. Rb1 Rb6 24. Qf2 Ra6 25. Qg3 a4 26. Rxa4 Rxa4 27. Bxa4 Nxe5 28.
Bxd7 Nxd7 29. Be7 Qb3 30. Qe1 Qc2 31. Qxe6+ Kh8 32. Rg1 Qa4 33. Bd6 Rd8 34. Qe7
Qa5 35. Re1 1-0

[Event "Toronto op U2200"]
[Site "Toronto CAN"]
[Date "2019.08.31"]
[Round "2.29"]
[White "Vijendra, Vinushan"]
[Black "Desikan, Ajith"]
[Result "1/2-1/2"]
[WhiteElo "1733"]
[BlackElo "1803"]
[PlyCount "71"]
[EventDate "2019.08.31"]
[EventType "swiss"]
[EventRounds "6"]
[EventCountry "CAN"]

1. e4 c5 2. Nf3 Nc6 3. d4 cxd4 4. Nxd4 d6 5. Be3 Nf6 6. Nc3 a6 7. Be2 e6 8. O-O
Be7 9. a4 O-O 10. Qd2 Qc7 11. Rad1 b6 12. Nxc6 Qxc6 13. Qd4 Rb8 14. f4 Nd7 15.
f5 e5 16. Qd5 Qc7 17. Qc4 Qxc4 18. Bxc4 Nf6 19. Nd5 Nxd5 20. Bxd5 Bb7 21. c4
Bxd5 22. cxd5 Rfc8 23. Rc1 Bd8 24. Rc6 Rxc6 25. dxc6 Rc8 26. Rc1 Kf8 27. b4 b5
28. a5 Ke8 29. Bb6 Bc7 30. g4 Ke7 31. h4 h6 32. g5 h5 33. Kf2 Ke8 34. f6 g6 35.
Ke3 Kd8 36. Rc3 1/2-1/2

[Event "Toronto op U2200"]
[Site "Toronto CAN"]
[Date "2019.08.31"]
[Round "2.30"]
[White "Ogunlana, Ayo"]
[Black "Liu, Henry"]
[Result "0-1"]
[WhiteElo "1730"]
[BlackElo "2076"]
[PlyCount "64"]
[EventDate "2019.08.31"]
[EventType "swiss"]
[EventRounds "6"]
[EventCountry "CAN"]

1. c4 Nf6 2. g3 c6 3. Bg2 d5 4. cxd5 cxd5 5. Qb3 Nc6 6. Nc3 e6 7. d3 Bc5 8. Nf3
O-O 9. O-O a6 10. Qa4 d4 11. Ne4 Nxe4 12. dxe4 b5 13. Qc2 Qb6 14. Bd2 Bb7 15.
Rac1 Bd6 16. Ng5 Ne5 17. b3 Rfc8 18. Qb1 Ba3 19. Rxc8+ Rxc8 20. Bc1 Bxc1 21.
Rxc1 Rc3 22. Rd1 Qc5 23. Nf3 Nxf3+ 24. Bxf3 h6 25. Kg2 e5 26. Rd2 b4 27. Qb2 a5
28. h4 Ba6 29. Kh2 d3 30. exd3 Rxd3 31. Rxd3 Bxd3 32. Bg2 Qc3 0-1

[Event "Toronto op U2200"]
[Site "Toronto CAN"]
[Date "2019.09.01"]
[Round "3.12"]
[White "Demchenko, Kyrylo"]
[Black "Feng, Richard"]
[Result "1-0"]
[WhiteElo "2045"]
[BlackElo "2078"]
[PlyCount "85"]
[EventDate "2019.08.31"]
[EventType "swiss"]
[EventRounds "6"]
[EventCountry "CAN"]

1. e4 c5 2. Nc3 Nc6 3. f4 g6 4. Nf3 Bg7 5. Bb5 Nd4 6. O-O a6 7. Be2 e6 8. d3
Ne7 9. Nb1 d5 10. c3 Ndc6 11. Qc2 b5 12. Be3 d4 13. Bf2 Bb7 14. Nbd2 O-O 15. c4
Qb6 16. cxb5 Nb4 17. Qb3 axb5 18. Nxd4 cxd4 19. Qxb4 Nc6 20. Qb3 Na5 21. Qd1
Rfc8 22. Nf3 Rc7 23. Qd2 Rac8 24. Rac1 b4 25. Rxc7 Rxc7 26. Rc1 b3 27. a3 Rxc1+
28. Qxc1 Ba6 29. e5 Nc6 30. Nd2 Bf8 31. Ne4 Na7 32. Nf6+ Kg7 33. Nd7 Qc6 34.
Qxc6 Nxc6 35. Nxf8 Kxf8 36. Bf3 Ne7 37. Bxd4 Bxd3 38. Bc5 Ke8 39. Bxe7 Kxe7 40.
Kf2 Kd7 41. Ke3 Bc2 42. Be4 Bd1 43. Kd2 1-0

[Event "Toronto op U2200"]
[Site "Toronto CAN"]
[Date "2019.09.01"]
[Round "3.13"]
[White "Liu, Henry"]
[Black "Khachaturov, Vadim"]
[Result "1-0"]
[WhiteElo "2076"]
[BlackElo "2041"]
[PlyCount "65"]
[EventDate "2019.08.31"]
[EventType "swiss"]
[EventRounds "6"]
[EventCountry "CAN"]

1. c4 e5 2. g3 Nf6 3. Bg2 d5 4. cxd5 Nxd5 5. Nc3 Nb6 6. e3 Nc6 7. Nge2 Be7 8.
O-O O-O 9. d4 exd4 10. exd4 Bf6 11. d5 Ne5 12. f4 Nec4 13. b3 Nd6 14. Bb2 Re8
15. Nd4 Nf5 16. Nxf5 Bxf5 17. g4 Bd7 18. g5 Be7 19. Ne4 Bf5 20. Qd4 Bf8 21. Ng3
Qd7 22. Nh5 Re2 23. Bf3 Rc2 24. Kh1 Bg6 25. Ng3 Nc8 26. Bd1 Ne7 27. Bxc2 Bxc2
28. Rf2 Nf5 29. Nxf5 Qxf5 30. Re1 Bb1 31. a4 Qg6 32. Rfe2 Qd6 33. Rxb1 1-0

[Event "Toronto op U2200"]
[Site "Toronto CAN"]
[Date "2019.09.01"]
[Round "3.14"]
[White "Nazareno, Merlin"]
[Black "Lim, Levi"]
[Result "1/2-1/2"]
[WhiteElo "2166"]
[BlackElo "1951"]
[PlyCount "98"]
[EventDate "2019.08.31"]
[EventType "swiss"]
[EventRounds "6"]
[EventCountry "CAN"]

1. d4 Nf6 2. Bg5 d5 3. c4 c6 4. Nc3 e6 5. e3 Nbd7 6. Nf3 Bb4 7. Qc2 Qa5 8. Bd3
Ne4 9. Bxe4 dxe4 10. Ne5 f6 11. Nxd7 Qxg5 12. Nc5 f5 13. O-O O-O 14. f4 Qe7 15.
Nb3 b6 16. Ne2 Ba6 17. Rfd1 Bd6 18. a3 Rac8 19. Kh1 g5 20. g3 gxf4 21. gxf4 Kh8
22. Rg1 Rg8 23. Ng3 Qh4 24. Rg2 Rg6 25. Rag1 Rcg8 26. Nd2 Bb7 27. b4 c5 28.
dxc5 Bxf4 29. exf4 e3 30. Qc3+ R8g7 31. Nde4 e2 32. cxb6 e1=Q 33. Rxe1 Bxe4 34.
Rxe4 fxe4 35. bxa7 Qd8 36. Rd2 Qa8 37. Rd7 Kg8 38. Rxg7+ Rxg7 39. Qe3 Rxa7 40.
Qxe4 Qxe4+ 41. Nxe4 Rxa3 42. b5 Rb3 43. Kg2 Rb4 44. Nd6 Kf8 45. Kf3 Ke7 46. c5
Kd7 47. Ke3 h5 48. h4 Kc7 49. Kf3 Kd7 1/2-1/2